000 00858nam a2200265 i 4500
001 13100
003 ES-MaACL
005 20250801152003.0
007 t|
008 971202s1996 sp ||||1| spa d
020 _a84-7731-223-0
080 _a159.964.2:82
080 _a82:159.964.2
080 _a82-343.409
100 1 _aWasserziehr, Gabriela.
_9116155
245 1 4 _aLos cuentos de hadas para adultos
_b: una lectura simbólica de los cuentos de hadas recopilados por J. y W. Grimm /
_cGabriela Wasserziehr.
260 _aMadrid :
_bEndymion,
_c1996.
300 _a158 p. ;
_c20 cm.
490 1 _aEnsayo ;
_v86
650 4 _aCuentos de hadas-
_vHistoria y crítica.
_911482
650 7 _aLiteratura-
_xAspectos psicológicos
_2
_9171205
830 0 _aEnsayo ;
_v86
_9177699
852 _aES-MaACL
_jL-20410
_bR.126161
999 _c13100
_d13100